Rozpoznaj piłkarza po zdjęciu - Statystyki

Ogólne statystyki
  • Ten quiz został rozwiązany 88 razy
  • Średni wynik to 9 z 12
Statystyki odpowiedzi
Obrazkowy Odpowiedź % Poprawnych
Kylian Mbappe
100%
Lionel Messi
100%
Cristiano Ronaldo
97%
Erling Haaland
88%
Neymar
82%
Federico Chiesa
74%
Ilkay Gundogan
74%
Antoine Griezmann
69%
Roberto Firmino
65%
Leonardo Bonucci
64%
Federico Dimarco
51%
Mikel Oyarzabal
46%
Nie znaleziono quizów pasujących do podanych kryteriów
Rozkład punktacji
Procent ludzi z każdym wynikiem
Percentyl według liczby udzielonych odpowiedzi
Twoja historia wyników
Nie rozwiązałeś tego quizu